000 00698nam a2200229Ia 4500
003 OSt
005 20220918105511.0
006 a|||||r|||| 00| 0
007 ta
008 220915b |||||||| |||| 00| 0 hin d
024 _a208141
037 _cReference Collections
040 _aARTS
_cARTS
_bhin
041 _2hin
_ahin
082 _aP152:4k, K0(RR)
100 _aटंडन, प्रेमनारायण
_91744
245 0 _aब्रजभाषा सूर कोश
246 _aBrajabhāṣhā sūr kosha
260 _c1959
942 _hP152:4k, K0(RR)
_cREF
999 _c107630
_d107630